350 bài tập sơ cấp văn phạm tiếng Pháp

保存先:
書誌詳細
フォーマット: 図書
タグ: タグ追加
タグなし, このレコードへの初めてのタグを付けませんか!
Thư viện lưu trữ: Mạng thư viện Đại học Đà Nẵng
LEADER 00425nam a22001691a 4500
001 000036404
003 12699
005 20160408151544.0
008 160408s0 000
082 |a 4P(07) 15-16 
245 |a 350 bài tập sơ cấp văn phạm tiếng Pháp 
OWN |a LNN 
999 |a From the UDN01 
TYP |a Monograph 
980 |a Mạng thư viện Đại học Đà Nẵng